Detalles MARC
| 000 -CABECERA |
| campo de control de longitud fija |
03260cam a2200289 i 4500 |
| 001 - NÚMERO DE CONTROL |
| campo de control |
16143 |
| 003 - IDENTIFICADOR DEL NÚMERO DE CONTROL |
| campo de control |
DO-SdUEMH |
| 005 - FECHA Y HORA DE LA ÚLTIMA TRANSACCIÓN |
| campo de control |
20260110142913.0 |
| 007 - CAMPO FIJO DE DESCRIPCIÓN FÍSICA--INFORMACIÓN GENERAL |
| campo de control de longitud fija |
ta |
| 008 - DATOS DE LONGITUD FIJA--INFORMACIÓN GENERAL |
| campo de control de longitud fija |
211105s2001 dr a|||gr|||| 000 0 spa|d |
| 020 ## - NÚMERO INTERNACIONAL ESTÁNDAR DEL LIBRO |
| Número Internacional Estándar del Libro |
9993420212 |
| 040 ## - FUENTE DE LA CATALOGACIÓN |
| Centro catalogador/agencia de origen |
DO-SdUEMH |
| Lengua de catalogación |
spa |
| Normas de descripción |
rda |
| 041 ## - CÓDIGO DE LENGUA |
| Código de lengua del texto/banda sonora o título independiente |
spa |
| 082 14 - NÚMERO DE LA CLASIFICACIÓN DECIMAL DEWEY |
| Colección |
Colección Dominicana |
| Número de clasificación |
RD306.097293 |
| Número de documento/Ítem |
A577d |
| 084 ## - OTRO NÚMERO DE CLASIFICACIÓN |
| Item number |
16-00049 |
| 100 ## - ENTRADA PRINCIPAL--NOMBRE DE PERSONA |
| Nombre de persona |
ANDUJAR PERSINAL, CARLOS |
| Término indicativo de función/relación |
autor |
| 245 10 - MENCIÓN DE TÍTULO |
| Título |
De Cultura y sociedad / |
| Mención de responsabilidad, etc. |
Carlos Andújar Percinal |
| 260 ## - PUBLICACIÓN, DISTRIBUCIÓN, ETC. |
| Date of publication, distribution, etc. |
2001 |
| 264 01 - PRODUCCIÓN, PUBLICACIÓN, DISTRIBUCIÓN, FABRICACIÓN Y COPYRIGHT |
| Lugar de producción, publicación, distribución, fabricación |
Santo Domingo, República Dominicana : |
| Nombre del de productor, editor, distribuidor, fabricante |
Centro de Información Afroamericano, |
| Fecha de producción, publicación, distribución, fabricación o copyright |
2001 |
| 300 ## - DESCRIPCIÓN FÍSICA |
| Extensión |
270 páginas : |
| Otras características físicas |
ilustraciones ; |
| Dimensiones |
23 cm. |
| 336 ## - TIPO DE CONTENIDO |
| Fuente |
rdacontent |
| Término de tipo de contenido |
texto |
| Código de tipo de contenido |
txt |
| 337 ## - TIPO DE MEDIO |
| Fuente |
rdamedia |
| Nombre del tipo de medio |
sin mediación |
| Código del tipo de medio |
n |
| 338 ## - TIPO DE SOPORTE |
| Fuente |
rdacarrier |
| Nombre del tipo de soporte |
volumen |
| Código del tipo de soporte |
nc |
| 505 #1 - NOTA DE CONTENIDO CON FORMATO |
| Nota de contenido con formato |
Presentación -- Prólogo -- Primera parte Ensayos de cultura y sociedad -- Imagen y representación del dominicano una revisión de cómo nos pensamos -- Los retos de la familia como institución -- El manejo del discurso histórico en los libros de texto -- Los aportes de la antropología a la psicología -- La abolición de la esclavitud un grito de la condición humana -- Lengua e ideología en las relaciones interétnicas -- El merengue la identidad cultural y el nuevo milenio -- La situación de la museografía en la República Dominicana -- El imaginario sagrado popular el caso del vudú dominicano -- Informe de campo sobre el Batey El Soco en el este de la República Dominicana -- El tema racial en la República Dominicana -- El ensayo de tema negro en la República Dominicana -- Segunda parte Artículos sobre sociedad y cultura -- Temas de sociedad -- La ciudad como memoria -- Bulevares modernidad civilización y progreso -- La patria cultural y la patria política -- La trampa de la modernidad -- El maquillaje de la ciudad -- Los intelectuales al servicio de la corte -- Lo tradicional y lo moderno una vieja polémica -- Otra vez el problema haitiano -- Temas antropológicos -- Vudú y culto satánico -- El uso simbólico de las plantas medicinales -- Peregrinación y catolicismo popular en el Santo Cerro -- Los toros del Cristo de Bayaguana -- La peregrinación a Higüey -- Mujer y religiosidad popular -- Continuidad y problema de herencia en el gagá -- San Miguel Arcángel y el vudú dominicano -- La curación mental en la religiosidad popular dominicana -- Los temas de la agenda antropológica -- La antropología dominicana y la ensayística nacional -- Otros temas antropológicos -- El lado crítico del ensayo de naturaleza antropológica -- La recreación en la obra folclórica -- Las culturas populares en la redefinición de lo nacional -- Cultura popular y cultura de élite -- La cultura de la pobreza como recurso de supervivencia -- El autoritarismo como cultura -- El turismo cultural -- La política cultural y sus fronteras -- Relaciones interétnicas en el barrio de Cristo Rey -- Lo rural y lo campesino -- Los atabales de Sainaguá y el nuevo escenario del trabajo cultural -- La identidad en los tiempos modernos -- La fiesta de Halloween y la cultura nacional -- El Caribe que nos une el reto de la integración -- El carnaval dominicano -- La madeja de la identidad cultural caribeño. |
| 942 ## - ELEMENTOS DE PUNTO DE ACCESO ADICIONAL (KOHA) |
| Fuente del sistema de clasificación o colocación |
Dewey Decimal Classification |
| Tipo de ítem Koha |
Libro |
| Suprimir en OPAC |
No |